Betriebliche Personalvorsorgestatistik 1979

Na minha lista:
Detalhes bibliográficos
Formato: Livro
Idioma:alemão
Publicado em: Vaduz Amt für Volkswirtschaft 1979
Tags: Adicionar Tag
Sem tags, seja o primeiro a adicionar uma tag!

MARC

LEADER 00000nam a2200000 4500
001 c128881
005 20260130113108.9
041 0 |a ger 
044 |a LI 
245 1 0 |a Betriebliche Personalvorsorgestatistik 1979 
264 1 |a Vaduz  |b Amt für Volkswirtschaft  |c 1979 
300 |a 31 s.